The branch exposition of the Bible : (Record no. 25287)

MARC details
000 -LEADER
fixed length control field 00638nam a22001817a 4500
003 - CONTROL NUMBER IDENTIFIER
control field AUA.1
005 - DATE AND TIME OF LATEST TRANSACTION
control field 20251121111604.0
008 - FIXED-LENGTH DATA ELEMENTS--GENERAL INFORMATION
fixed length control field 251121b |||||||| |||| 00| 0 eng d
020 ## - INTERNATIONAL STANDARD BOOK NUMBER
International Standard Book Number 9781839732126
040 ## - CATALOGING SOURCE
Transcribing agency JTL
050 ## - LIBRARY OF CONGRESS CALL NUMBER
Classification number BS1151.52
Item number .E38 2024
100 ## - MAIN ENTRY--PERSONAL NAME
Personal name Eaton, Michael A.
9 (RLIN) 18842
245 ## - TITLE STATEMENT
Title The branch exposition of the Bible :
Remainder of title a preacher's commentary of the Old Testament /
Statement of responsibility, etc Michael A. Eaton.
260 ## - PUBLICATION, DISTRIBUTION, ETC. (IMPRINT)
Place of publication, distribution, etc Cumbria, UK :
Name of publisher, distributor, etc Langham Global Library;
Date of publication, distribution, etc c2024.
300 ## - PHYSICAL DESCRIPTION
Extent xviii, 1722 pages :
Dimensions 24 cm.
650 ## - SUBJECT ADDED ENTRY--TOPICAL TERM
Topical term or geographic name as entry element Bible.
Form subdivision Old Testament
General subdivision Commentaries
9 (RLIN) 52986
942 ## - ADDED ENTRY ELEMENTS (KOHA)
Source of classification or shelving scheme Library of Congress Classification
Koha item type Reference Book
Classification part BS 1151.52
Item part .E38 2024
Holdings
Withdrawn status Lost status Source of classification or shelving scheme Damaged status Not for loan Collection code Home library Current library Shelving location Date acquired Source of acquisition Cost, normal purchase price Serial Enumeration / chronology Total Checkouts Full call number Barcode Date last seen Cost, replacement price Price effective from Koha item type
    Library of Congress Classification     Reference Shelves Judith Thomas Library Judith Thomas Library Reference Books 21/11/2025 Grant, Langham Partnership 32.67 AUA28038   BS 1151.52 .E38 2024 AUA28038 21/11/2025 32.67 21/11/2025 Reference Book